000 00521nam a22001817a 4500
005 20251108173047.0
008 250721s2000 xx 000 0 ara d
082 1 4 _a813.009/شيخ
100 1 _aالشيخ، سليمان
245 1 0 _aما لم يعرف من أدب غسان كنفاني /
250 _aط2
264 1 _aعمان :
_bالمؤسسة العربية للنشر،
_c2000.
300 _a80ص
650 1 7 _aالنقد الأدبي
650 1 7 _aالروايات
942 _2ddc
_cBK
999 _c95140
_d95140